Computer science (Record no. 79678)
[ view plain ]
| 000 -LEADER | |
|---|---|
| fixed length control field | 01298nam a2200217 a 4500 |
| 008 - FIXED-LENGTH DATA ELEMENTS--GENERAL INFORMATION | |
| fixed length control field | 120416s1989 ||||||||||||||||| || u |
| 020 ## - INTERNATIONAL STANDARD BOOK NUMBER | |
| International Standard Book Number | 0905435834 |
| 050 ## - LIBRARY OF CONGRESS CALL NUMBER | |
| Classification number | QA 76 Fre |
| 100 ## - MAIN ENTRY--PERSONAL NAME | |
| Personal name | French, C. S |
| 245 10 - TITLE STATEMENT | |
| Title | Computer science |
| 250 ## - EDITION STATEMENT | |
| Edition statement | 3rd ed. |
| 260 ## - PUBLICATION, DISTRIBUTION, ETC. | |
| Place of publication, distribution, etc. | London |
| Name of publisher, distributor, etc. | DP Publications |
| Date of publication, distribution, etc. | 1989 |
| 300 ## - PHYSICAL DESCRIPTION | |
| Extent | xi, 785p. : ill. |
| 350 ## - | |
| -- | 0.00 |
| 995 ## - | |
| -- | MAIN LIBRARY OPEN ACCESS |
| -- | 0.00 |
| -- | 729934 |
| -- | CBU-MAIN LIBRARY (Kitwe) |
| -- | 1 |
| -- | 45.00 |
| -- | QA 76 Fre |
| -- | 1 |
| -- | AVAILABLE |
| -- | 023909 |
| -- | Main Library Open Access Collection |
| 995 ## - | |
| -- | TEXTBOOKS (SB) |
| -- | 0.00 |
| -- | 01022 |
| -- | CBU-SCHOOL TEXTBOOK COLLECTIONS |
| -- | 1 |
| -- | 0.00 |
| -- | SCHOOL TEXTBOOK |
| -- | 4 |
| -- | AVAILABLE |
| -- | Sep 21, 2009 |
| -- | 01021 |
| -- | School Collections |
| 995 ## - | |
| -- | TEXTBOOKS (SB) |
| -- | 0.00 |
| -- | 01019 |
| -- | CBU-SCHOOL TEXTBOOK COLLECTIONS |
| -- | 1 |
| -- | 0.00 |
| -- | SCHOOL TEXTBOOK |
| -- | 2 |
| -- | AVAILABLE |
| -- | Sep 21, 2009 |
| -- | 01019 |
| -- | School Collections |
| 995 ## - | |
| -- | TEXTBOOKS (SB) |
| -- | 0.00 |
| -- | 01022 |
| -- | CBU-SCHOOL TEXTBOOK COLLECTIONS |
| -- | 1 |
| -- | 0.00 |
| -- | SCHOOL TEXTBOOK |
| -- | 5 |
| -- | AVAILABLE |
| -- | Sep 21, 2009 |
| -- | 01022 |
| -- | School Collections |
| 995 ## - | |
| -- | TEXTBOOKS (SB) |
| -- | 0.00 |
| -- | 01023 |
| -- | CBU-SCHOOL TEXTBOOK COLLECTIONS |
| -- | 1 |
| -- | 0.00 |
| -- | SCHOOL TEXTBOOK |
| -- | 6 |
| -- | AVAILABLE |
| -- | Sep 21, 2009 |
| -- | 01023 |
| -- | School Collections |
| 995 ## - | |
| -- | TEXTBOOKS (SB) |
| -- | 0.00 |
| -- | 01020 |
| -- | CBU-SCHOOL TEXTBOOK COLLECTIONS |
| -- | 1 |
| -- | 0.00 |
| -- | SCHOOL TEXTBOOK |
| -- | 3 |
| -- | AVAILABLE |
| -- | Sep 21, 2009 |
| -- | 01020 |
| -- | School Collections |
| 999 ## - | |
| -- | 79678 |
| -- | 79678 |
| Withdrawn status | Lost status | Source of classification or shelving scheme | Damaged status | Not for loan | Permanent Location | Current Location | Shelving location | Date acquired | Total Checkouts | Full call number | Barcode | Date last seen | Date last checked out | Copy number | Price effective from | Koha item type |
|---|---|---|---|---|---|---|---|---|---|---|---|---|---|---|---|---|
| CBU-MAIN LIBRARY, KITWE. | CBU-MAIN LIBRARY, KITWE. | 06/29/2023 | 3 | QA 76 Fre | 023909 | 02/20/2025 | 02/07/2025 | 1 | 06/29/2023 | MONOGRAPH | ||||||
| CBU-SCHOOL TEXT BOOK COLLECTION | CBU-SCHOOL TEXT BOOK COLLECTION | 06/29/2023 | SCHOOL TEXTBOOK | 01021 | 06/29/2023 | 2 | 06/29/2023 | MONOGRAPH | ||||||||
| CBU-SCHOOL TEXT BOOK COLLECTION | CBU-SCHOOL TEXT BOOK COLLECTION | 06/29/2023 | SCHOOL TEXTBOOK | 01019 | 06/29/2023 | 3 | 06/29/2023 | MONOGRAPH | ||||||||
| CBU-SCHOOL TEXT BOOK COLLECTION | CBU-SCHOOL TEXT BOOK COLLECTION | 06/29/2023 | SCHOOL TEXTBOOK | 01022 | 06/29/2023 | 4 | 06/29/2023 | MONOGRAPH | ||||||||
| CBU-SCHOOL TEXT BOOK COLLECTION | CBU-SCHOOL TEXT BOOK COLLECTION | 06/29/2023 | SCHOOL TEXTBOOK | 01023 | 06/29/2023 | 5 | 06/29/2023 | MONOGRAPH | ||||||||
| CBU-SCHOOL TEXT BOOK COLLECTION | CBU-SCHOOL TEXT BOOK COLLECTION | 06/29/2023 | SCHOOL TEXTBOOK | 01020 | 06/29/2023 | 6 | 06/29/2023 | MONOGRAPH |